000 00767nam a22001577a 4500
003 OSt
005 20161127105746.0
008 161127b xxu||||| |||| 00| 0 eng d
040 _cRUA
082 _aAGR SRE B541 2014 Or.1
100 _911409
_aSRENG ROTHANAK; ស្រេង រតនៈ
245 _aEffective of mono Ammonium phosphate rate on the growth of romaine lettuce by hydroponic technique; ឥទ្ធិពលរបស់អត្រាម៉ូណូអាម៉ូញ់ូមផូស្វាតលើការលូតលាស់ដំណាំសាលាដ(Romaine)ដាំតាមបច្ចេកទេសអ៊ីដ្រូប៉ូនិក
260 _aPhnom Penh
_bRUA
_c2014
300 _axi;44p;
_bill;
_c29cm;
942 _2ddc
_cAGR
999 _c10966
_d10966